000 00417nam a2200145Ia 4500
008 231129s1981||||xx |||||||||||||| ||spa||
020 _a968-24-0546-6
040 _bspa
082 _a370.77 H887or
100 _aHuerta Ibarra José
245 0 _aOrganización psicológica de las experiencias de aprendizaje
260 _c1981
264 _aTrillas-Anuies
942 _2ddc
_cBKS
999 _c22161
_d22161